Využitie MDA pri vývoji aplikácii v oblasti eHealth

Gespeichert in:
Bibliographische Detailangaben
1. Verfasser: Barci, Pavol (Verfasst von)
Weitere Verfasser: Kossaczký, Igor (Betreuung Doktorarbeit)
Format: Manuskript Buch
Sprache:Slowakisch
Veröffentlicht: 2015
Schlagworte:
Online-Zugang:http://is.stuba.sk/zp/portal_zp.pl?podrobnosti=97397
Tags: Tag hinzufügen
Keine Tags, Fügen Sie das erste Tag hinzu!

MARC

LEADER 00000ntm a22000003a 4500
001 stuzp49483
003 SK-STU
005 20160719153305.8
007 ta
008 150427s2015----xo-----f-mn---000-0-slo-d
040 |a STU  |b slo 
041 0 |a slo 
100 1 |a Barci, Pavol  |u 035000  |4 aut  |U FEI Fakulta elektrotechniky a informatiky  |T FEI Ústav informatiky a matematiky  |X 53220  |U E050  |Y 816  |7 53220 
242 0 1 |a Using MDA in development of applications in e-health  |y eng 
245 1 0 |a Využitie MDA pri vývoji aplikácii v oblasti eHealth 
260 |c 2015 
300 |a 41 s.  |b CD-ROM 
650 4 |a MDA  |2 slo 
650 4 |a GUI  |2 slo 
650 4 |a XSD  |2 slo 
650 4 |a telemedicína  |2 slo 
650 4 |a e-health  |2 slo 
650 4 |a XML  |2 slo 
650 4 |a MDA  |2 eng 
650 4 |a e-health  |2 eng 
650 4 |a XML  |2 eng 
650 4 |a telemedicine  |2 eng 
650 4 |a XSD  |2 eng 
650 4 |a GUI  |2 eng 
700 1 |a Kossaczký, Igor  |4 ths  |X 61596  |7 A000061596 
856 4 |u http://is.stuba.sk/zp/portal_zp.pl?podrobnosti=97397 
996 |b 284ER01878  |c E*Bc- 1878  |l EE35  |s P  |a 0  |w stuzp49483_0001 
SQL |a stuzp49483  |b DBP  |c SLO  |d Využitie MDA pri vývoji aplikácii v oblasti eHealth  |e 53220  |f Barci, Pavol  |g 035000  |h 61596  |i Kossaczký, Igor  |j 20150707  |k 73  |l 03  |m http://is.stuba.sk/zp/portal_zp.pl?podrobnosti=97397  |n B-API  |o 9.2.9. aplikovaná informatika